000 00677nam a2200205Ia 4500
003 GCL
008 140319s9999 xx 000 0 ara d
040 _aGCL /
_cGCL
082 0 4 _a791.437
_bع س
100 1 _aعبدالمنعم سعد
245 1 0 _aالسينما المصرية فى موسم 1976 /
_cعبدالمنعم سعد
300 _a263 ص
490 _aالهيئة العامة للاستعلامات
_v0
650 0 4 _aالافلام السينمائية
650 0 4 _aالسينما
650 0 4 _aالممثلون والممثلات
650 0 4 _aالسينمائيون المصريون
650 0 4 _aالتمثيل فى السينما
942 _2ddc
_cBK
999 _c50987
_d50987